[Event "36th Olympiad w"]
[Site "Calvia ESP"]
[Date "2004.10.19"]
[Round "5"]
[White "Hoang Xuan Thanh Khiet"]
[Black "Lakos,N"]
[Result "1-0"]
[WhiteElo "2144"]
[BlackElo "2359"]
[EventDate "2004.10.15"]

1. e4 c5 2. Nf3 d6 3. d4 cxd4 4. Nxd4 Nf6 5. Nc3 Nc6 6. Be2 g6 7. Be3 Bg7
8. f3 O-O 9. Qd2 d5 10. exd5 Nxd5 11. Nxd5 Qxd5 12. Nxc6 bxc6 13. Qxd5 cxd5
14. O-O-O Bb7 15. h4 e5 16. c3 Rfd8 17. h5 Bc6 18. hxg6 hxg6 19. Bg5 Rd7
20. Rd2 a5 21. Rhd1 Rb7 22. Be3 Rab8 23. Ba6 Rc7 24. Kb1 Ba4 25. Rc1 Bc6
26. Be2 a4 27. a3 Bf8 28. Ka2 Bd7 29. Rh1 Be6 30. Ka1 Bxa3 31. bxa3 Rxc3
32. Rd3 Rxd3 33. Bxd3 Rb3 34. Bg5 f6 35. Bc2 Rc3 36. Kb2 Rxc2+ 37. Kxc2
fxg5 38. Re1 Bf5+ 39. Kc3 e4 40. fxe4 Bxe4 41. Re2 Kf7 42. Kb4 Bf5 43. Kxa4
d4 44. Rd2 d3 45. Kb4 Ke6 46. Kc3 Be4 47. Kd4 Bc6 48. Kxd3 Kf5 49. Kc4 Kf4
50. Kb4 Kg3 51. a4 Bxg2 52. Rxg2+ Kxg2 53. a5 g4 54. a6 g3 55. a7 Kf2 56.
a8=Q g2 57. Qa7+ Kf1 58. Qf7+ Kg1 59. Qxg6 Kh2 60. Qh5+ Kg3 61. Qg5+ Kf2
62. Qf4+ Ke2 63. Qg3 Kf1 64. Qf3+ Kg1 65. Kc3 Kh2 66. Qf4+ Kh1 67. Qh4+ Kg1
68. Kd2 1-0

[Event "36th Olympiad w"]
[Site "Calvia ESP"]
[Date "2004.10.19"]
[Round "5"]
[White "Calzetta,M"]
[Black "Valickova,M"]
[Result "1/2-1/2"]
[WhiteElo "2311"]
[BlackElo "2076"]
[EventDate "2004.10.15"]

1. e4 e5 2. Nf3 Nc6 3. d4 exd4 4. Nxd4 Bc5 5. Nb3 Bb6 6. a4 Qf6 7. Qe2 a5
8. Nc3 Nb4 9. Nd5 Nxd5 10. exd5+ Ne7 11. h4 d6 12. Bg5 Qe5 13. Qxe5 dxe5
14. c4 f6 15. Bd2 Bf5 16. Rc1 c5 17. Be3 Rc8 18. Bd2 Ra8 1/2-1/2

[Event "36th Olympiad w"]
[Site "Calvia ESP"]
[Date "2004.10.19"]
[Round "5"]
[White "Melnik,G"]
[Black "Garcia Vicente,N"]
[Result "1/2-1/2"]
[WhiteElo "2083"]
[BlackElo "2213"]
[EventDate "2004.10.15"]

1. d4 d5 2. Nf3 e6 3. c4 Nf6 4. Nc3 Bb4 5. Bg5 h6 6. Bh4 dxc4 7. Qa4+ Nc6
8. Bxf6 gxf6 9. a3 Bxc3+ 10. bxc3 Qd5 11. e3 b5 12. Qc2 Na5 13. e4 Qd7 14.
Be2 Nb3 15. Ra2 Bb7 16. O-O Rg8 17. Re1 a6 18. Bf1 O-O-O 19. a4 c6 20. g3
Qc7 21. Bg2 Kb8 22. Rd1 Rd7 23. Qe2 c5 24. d5 exd5 25. exd5 Rxd5 26. Rxd5
Bxd5 27. axb5 a5 28. Nh4 Bxg2 29. Nxg2 Nc1 30. Qxc4 Nxa2 31. Qxa2 c4 32.
Ne3 Rc8 33. Qa4 f5 34. Nxf5 Qe5 35. Qxa5 Qxf5 36. Qb6+ Ka8 1/2-1/2

[Event "36th Olympiad w"]
[Site "Calvia ESP"]
[Date "2004.10.19"]
[Round "5"]
[White "Gonzalez Perez,L"]
[Black "Kudrina,A"]
[Result "1-0"]
[WhiteElo "2152"]
[BlackElo "2047"]
[EventDate "2004.10.15"]

1. d4 d5 2. Nf3 c6 3. Bf4 Bf5 4. e3 Nd7 5. Bd3 Bxd3 6. Qxd3 e6 7. Nbd2 Ngf6
8. h3 Be7 9. O-O Nh5 10. Bh2 f5 11. Ne5 Nhf6 12. c4 Ne4 13. Nb3 O-O 14. f3
Nef6 15. cxd5 Nxd5 16. e4 Nxe5 17. Bxe5 Nc7 18. Qc4 Bd6 19. Nc5 b5 20. Qc3
Bxe5 21. dxe5 Qe8 22. Rac1 Rc8 23. Nb7 fxe4 24. Nd6 Nd5 25. Qb3 Qg6 26.
Nxc8 Nf4 1-0

[Event "36th Olympiad w"]
[Site "Calvia ESP"]
[Date "2004.10.19"]
[Round "5"]
[White "Schuurman,P"]
[Black "Burijovich,L"]
[Result "1/2-1/2"]
[WhiteElo "2333"]
[BlackElo "2212"]
[EventDate "2004.10.15"]

1. d4 Nf6 2. c4 g6 3. Nc3 Bg7 4. e4 d6 5. Nf3 O-O 6. Be2 e5 7. Be3 Na6 8.
O-O Ng4 9. Bg5 Qe8 10. dxe5 dxe5 11. h3 h6 12. Bc1 Nf6 13. Be3 Qe7 14. Nd5
Qd8 15. Qc1 Kh7 16. Nxf6+ Qxf6 17. c5 Nb4 18. Rd1 Nc6 19. a3 a5 20. b3 Qe7
21. Bb5 Bd7 22. Ra2 Rfd8 23. Rad2 Be8 24. Bc4 f5 25. Rxd8 Rxd8 26. Rxd8
Qxd8 27. Bd5 f4 28. Bd2 g5 29. Bc3 Qe7 30. Qb2 h5 31. Bxc6 Bxc6 32. Bxe5 g4
33. Bxg7 gxf3 34. Bf6 Qxe4 35. Qe5 Qg6 36. Qe7+ Kg8 37. Qe6+ Kh7 38. Qe7+
Kg8 39. Qe6+ Kh7 40. Qe7+ 1/2-1/2

[Event "36th Olympiad w"]
[Site "Calvia ESP"]
[Date "2004.10.19"]
[Round "5"]
[White "Javakhishvili,L"]
[Black "Rogule,L"]
[Result "1-0"]
[WhiteElo "2423"]
[BlackElo "2295"]
[EventDate "2004.10.15"]

1. d4 d5 2. c4 e6 3. Nc3 Nf6 4. Bg5 Be7 5. e3 O-O 6. Rc1 h6 7. Bh4 b6 8.
Bxf6 Bxf6 9. cxd5 exd5 10. Qf3 Bb7 11. Bc4 c6 12. Bb3 Nd7 13. Nge2 Qe7 14.
O-O Rae8 15. Rfd1 g6 16. Bc2 Bg5 17. Rb1 Nf6 18. b4 a6 19. Ng3 Bc8 20. h3
h5 21. Na4 Qc7 22. Rbc1 h4 23. Nf1 Ne4 24. Bxe4 Rxe4 25. Nc3 Re6 26. Nxd5
Qb8 27. Nc3 Rfe8 28. Qe2 Bb7 29. a4 Qd6 30. Qb2 R6e7 31. Rc2 f5 32. b5 cxb5
33. axb5 a5 34. Qb3+ Kh7 35. d5 f4 36. e4 f3 37. Nh2 fxg2 38. Ng4 Qb4 39.
Qxb4 axb4 40. d6 Rd7 41. Nd5 Bxd5 42. Rxd5 b3 43. Rb2 Bd8 44. e5 Re6 45.
Rxb3 Bg5 46. Rc3 Bd8 47. Kxg2 g5 48. Rc8 Kg6 49. Ne3 Re8 50. Kf3 Rf8+ 51.
Ke2 Kf7 52. Nc4 Ke6 53. Rd3 Rf4 54. Ra3 g4 55. hxg4 Rxg4 56. Kf3 Rg1 57.
Ke4 Rg4+ 58. f4 Rf7 59. Rf3 Bg5 60. Re8+ Kd7 61. e6+ Kxe8 62. exf7+ Kxf7
1-0

[Event "36th Olympiad w"]
[Site "Calvia ESP"]
[Date "2004.10.19"]
[Round "5"]
[White "Berzina,I"]
[Black "Lomineishvili,M"]
[Result "1-0"]
[WhiteElo "2240"]
[BlackElo "2429"]
[EventDate "2004.10.15"]

1. e4 c5 2. Nf3 Nc6 3. Bb5 g6 4. Bxc6 dxc6 5. d3 Bg7 6. Nc3 Nf6 7. Be3 b6
8. h3 O-O 9. O-O Nd7 10. Nh2 e5 11. Qd2 Re8 12. f4 exf4 13. Bxf4 Ne5 14.
Kh1 a5 15. a4 Ra7 16. Nf3 Nxf3 17. Rxf3 Be6 18. Raf1 c4 19. e5 cxd3 20.
Rxd3 Rd7 21. Ne4 Rxd3 22. cxd3 Bd5 23. Bg5 Qd7 24. Nf6+ Bxf6 25. Bxf6 Qxh3+
26. Kg1 Qg3 27. Rf2 Rxe5 28. Bxe5 Qxe5 29. d4 Qg3 30. Re2 h5 31. b4 axb4
32. Qxb4 h4 33. Qxb6 h3 34. Qd8+ Kg7 35. Qe7 Qg4 36. Qe5+ Kh7 37. Rf2 hxg2
38. Qh2+ Kg7 39. Qe5+ Kf8 40. Re2 Qh3 41. Qe8+ Kg7 42. Qe5+ f6 43. Qc7+ Bf7
44. Rxg2 Qe3+ 45. Rf2 Qxd4 46. Qxc6 g5 47. a5 Qg4+ 48. Kh2 Qh4+ 49. Kg1
Qg3+ 50. Kf1 Qd3+ 51. Kg1 Qd1+ 52. Kh2 Qd4 53. Kg1 g4 54. Qc7 Qe3 55. Kg2
Qe4+ 56. Kg3 f5 57. Qf4 Qd3+ 58. Kh2 Qh3+ 59. Kg1 Bg6 60. Qe5+ Kf7 61. Rd2
Qa3 62. Qd5+ Kf8 1-0

[Event "36th Olympiad w"]
[Site "Calvia ESP"]
[Date "2004.10.19"]
[Round "5"]
[White "Pokorna,Reg"]
[Black "Khamrakulova,I"]
[Result "1-0"]
[WhiteElo "2370"]
[BlackElo "2217"]
[EventDate "2004.10.15"]

1. e4 c5 2. Nf3 Nc6 3. d4 cxd4 4. Nxd4 g6 5. c4 Bg7 6. Be3 Nf6 7. Nc3 O-O
8. Be2 d6 9. O-O Bd7 10. Qd2 Nxd4 11. Bxd4 Bc6 12. f3 a5 13. b3 Nd7 14. Be3
Nc5 15. Rab1 f5 16. exf5 Rxf5 17. Bd1 Rf7 18. Bc2 Qc7 19. Rbd1 b6 20. Nd5
Qb7 21. Nc3 Raf8 22. a3 Ne6 23. Nd5 Nc5 24. b4 axb4 25. axb4 Na4 26. Bxa4
Bxa4 27. Rc1 b5 28. c5 dxc5 29. bxc5 Qc6 30. Nb4 Qc8 31. Qa2 Kh8 32. Rfe1
Rf5 33. c6 e6 34. Bf2 Re8 35. Nd3 Bh6 36. Be3 Bg7 37. Nc5 Re5 38. Nxa4 bxa4
39. Qxa4 Re7 40. Bb6 h5 41. c7 Rd5 42. Qc6 Rd2 43. Red1 Red7 44. Qxd7 1-0

[Event "36th Olympiad w"]
[Site "Calvia ESP"]
[Date "2004.10.19"]
[Round "5"]
[White "Khegai,A"]
[Black "Hagarova,Z"]
[Result "1/2-1/2"]
[WhiteElo "2239"]
[BlackElo "2351"]
[EventDate "2004.10.15"]

1. d4 Nf6 2. c4 e6 3. g3 c5 4. d5 d6 5. Nc3 exd5 6. cxd5 g6 7. Nf3 Bg7 8.
Nd2 Nbd7 9. Nc4 Nb6 10. Nxb6 Qxb6 11. Bg2 O-O 12. O-O Re8 13. a4 Bf5 14. a5
Qc7 15. f3 c4 16. e4 Bd7 17. Be3 b5 18. axb6 axb6 19. Rxa8 Rxa8 20. f4 Re8
21. Bd4 b5 22. e5 dxe5 23. fxe5 Rxe5 24. Bxe5 Qxe5 25. Qf3 b4 26. Nd1 Bg4
27. Qe3 Qxe3+ 28. Nxe3 Be2 29. Re1 Bd3 30. d6 Bf8 31. Nd5 Nd7 32. Ne7+ Kg7
33. Bc6 Nc5 34. d7 Nxd7 35. Bxd7 c3 36. bxc3 b3 37. c4 b2 38. Nd5 Bc5+ 39.
Kg2 b1=Q 40. Rxb1 Bxb1 41. Kf3 Bd3 42. Bb5 h5 43. Nc7 Kf6 44. Nd5+ Ke5 45.
Nf4 Bf1 46. h4 Kf6 47. Nd5+ Ke5 48. Nc3 Kd4 49. Ne2+ Kd3 50. Nf4+ 1/2-1/2

[Event "36th Olympiad w"]
[Site "Calvia ESP"]
[Date "2004.10.19"]
[Round "5"]
[White "Arribas,M"]
[Black "Muzychuk,A"]
[Result "0-1"]
[WhiteElo "2325"]
[BlackElo "2383"]
[EventDate "2004.10.15"]

1. e4 d5 2. exd5 Nf6 3. Bb5+ Bd7 4. Be2 Nxd5 5. Nf3 Bf5 6. d4 e6 7. O-O Be7
8. c4 Nb6 9. Nc3 O-O 10. Be3 Bf6 11. Qb3 Nc6 12. c5 Nd5 13. Nxd5 Qxd5 14.
Qxd5 exd5 15. a3 a6 16. b4 Rfe8 17. Ra2 Be4 18. Rd1 h6 19. Kf1 g5 20. Nd2
Bf5 21. Nb3 a5 22. bxa5 Nxa5 23. Nxa5 Rxa5 24. Bd3 Bd7 25. Rb1 Bc6 26. g3
Rea8 27. Rb3 R8a7 28. Ke2 Ra4 29. Bc2 Kg7 30. Rd3 Bb5 31. Bxa4 Rxa4 32. Kd2
Bxd3 33. Kxd3 g4 34. Kc3 b5 35. cxb6 cxb6 36. Kb3 b5 37. Rc2 Bxd4 38. Bxd4+
Rxd4 39. Rc5 Rd2 40. Rxb5 Rxf2 41. a4 Rxh2 42. Rxd5 Rh3 43. Rd3 h5 44. Kc4
h4 45. gxh4 g3 46. Rd2 Rxh4+ 47. Kd3 Rxa4 48. Rg2 Kf6 49. Ke3 Kf5 50. Rxg3
Ra3+ 51. Kf2 Rxg3 52. Kxg3 Ke4 53. Kf2 Kf4 54. Kg2 Ke3 0-1

[Event "36th Olympiad w"]
[Site "Calvia ESP"]
[Date "2004.10.19"]
[Round "5"]
[White "Srebrnic,A"]
[Black "Pina,S"]
[Result "0-1"]
[WhiteElo "2245"]
[BlackElo "2313"]
[EventDate "2004.10.15"]

1. d4 d5 2. Nf3 Nf6 3. c4 dxc4 4. Nc3 a6 5. a4 e6 6. e3 c5 7. Bxc4 Nc6 8.
O-O Qc7 9. Qe2 Bd6 10. Rd1 O-O 11. h3 b6 12. dxc5 bxc5 13. e4 Ne5 14. Nd2
Bb7 15. Nb3 Nxc4 16. Qxc4 Be7 17. Be3 Rfc8 18. Nc1 Qc6 19. f3 a5 20. Nb5
Ba6 21. Nb3 Ne8 22. Rdc1 Bf6 23. Rab1 Nd6 24. Qxc5 Bxb5 25. axb5 Qd7 26.
Qh5 g6 27. Qg4 Qxb5 28. Nd4 Qd3 29. Re1 Bxd4 30. Rbd1 Bxe3+ 0-1

[Event "36th Olympiad w"]
[Site "Calvia ESP"]
[Date "2004.10.19"]
[Round "5"]
[White "Marrero,Y"]
[Black "Krivec,J"]
[Result "1-0"]
[WhiteElo "2272"]
[BlackElo "2214"]
[EventDate "2004.10.15"]

1. e4 e5 2. Nf3 d6 3. d4 exd4 4. Nxd4 Nf6 5. Nc3 Be7 6. g3 d5 7. e5 Ng4 8.
Bf4 c5 9. Ndb5 d4 10. Nd5 O-O 11. Nbc7 Nc6 12. Nxe7+ Qxe7 13. Nxa8 Ngxe5
14. Bg2 Bg4 15. f3 Nd3+ 16. Kf1 Nxf4 17. gxf4 Bf5 18. Qe2 Qd6 19. Qd2 Rxa8
20. a3 Ne7 21. Kf2 Nd5 22. Rhe1 Ne3 23. Rxe3 dxe3+ 24. Qxe3 Rd8 25. Re1
Bxc2 26. Qe7 Qd4+ 27. Kg3 h5 28. Re5 h4+ 29. Qxh4 f6 30. Re7 g5 31. Qg4
Qxf4+ 32. Qxf4 gxf4+ 33. Kxf4 Rd2 34. Bf1 Rxh2 35. Rxb7 a5 36. Rb5 a4 37.
Rxc5 Bb3 38. Rc8+ Kg7 39. Rc7+ Kf8 40. Bd3 Rxb2 41. Kf5 Rd2 42. Kxf6 Ke8
43. Bf5 1-0

[Event "36th Olympiad w"]
[Site "Calvia ESP"]
[Date "2004.10.19"]
[Round "5"]
[White "Bojkovic,N"]
[Black "Sharevich,A"]
[Result "0-1"]
[WhiteElo "2398"]
[BlackElo "2266"]
[EventDate "2004.10.15"]

1. e4 c5 2. Nf3 e6 3. d4 cxd4 4. Nxd4 a6 5. Bd3 Qb6 6. Nb3 Qc7 7. Be3 Nf6
8. c4 d6 9. Nc3 Be7 10. a4 b6 11. a5 bxa5 12. Nxa5 Nbd7 13. O-O O-O 14. b4
Ne5 15. Bf4 Nfd7 16. Be2 Rd8 17. Rb1 Bf6 18. Qb3 Rb8 19. Rfc1 Nc5 20. Qa2
Ncd3 21. Bxd3 Nxd3 22. Qd2 Nxc1 23. Qxc1 Bxc3 24. Qxc3 e5 25. Bc1 Be6 26.
Rb2 Rbc8 27. Rc2 d5 28. exd5 Bxd5 29. f3 Be6 30. Be3 Rd1+ 31. Kf2 Bf5 32.
Rc1 Rd3 33. Qe1 Rcd8 34. b5 Rxe3 35. Kxe3 Qc5+ 36. Ke2 Bd3+ 37. Kd1 Bxc4+
38. Kc2 Qxb5 39. Qc3 0-1

[Event "36th Olympiad w"]
[Site "Calvia ESP"]
[Date "2004.10.19"]
[Round "5"]
[White "Eidelson,R"]
[Black "Prudnikova,S"]
[Result "1/2-1/2"]
[WhiteElo "2268"]
[BlackElo "2402"]
[EventDate "2004.10.15"]

1. e4 c5 2. d3 Nc6 3. Nf3 g6 4. g3 Bg7 5. Bg2 e5 6. O-O Nge7 7. Nc3 d6 8.
Nd2 Rb8 9. a4 Be6 10. Nc4 O-O 11. Nd5 f5 12. f4 Qd7 13. Be3 b6 14. Qd2 Bf7
1/2-1/2

[Event "36th Olympiad w"]
[Site "Calvia ESP"]
[Date "2004.10.19"]
[Round "5"]
[White "Benderac,A"]
[Black "Popova,N"]
[Result "1/2-1/2"]
[WhiteElo "2299"]
[BlackElo "2246"]
[EventDate "2004.10.15"]

1. d4 d5 2. Nf3 Nf6 3. e3 e6 4. Bd3 Bd6 5. O-O Nbd7 6. c4 c6 7. Nbd2 O-O 8.
e4 dxe4 9. Nxe4 Nxe4 10. Bxe4 Nf6 11. Bc2 h6 12. Qe2 Qc7 13. a3 b6 14. Ne5
Bb7 15. Bf4 Rfd8 16. Rfd1 Qe7 17. Rd3 c5 18. Rg3 Kf8 19. dxc5 Bxc5 20. b4
Bd4 21. Rd1 Ne4 22. Bxe4 Bxe4 23. Qxe4 Bxe5 24. Rgd3 Bxf4 25. Qxf4 Rxd3 26.
Rxd3 Rd8 27. Qd2 Rxd3 28. Qxd3 Qc7 29. g3 Ke7 30. Qd4 e5 31. Qh4+ f6 32.
Qe4 Qd7 33. Kg2 h5 34. Qh7 Qg4 35. h3 Qxc4 36. Qxg7+ Qf7 37. Qxf7+ Kxf7 38.
Kf3 f5 39. g4 fxg4+ 40. hxg4 hxg4+ 41. Kxg4 Kf6 42. b5 Kg6 43. Kf3 Kf5 44.
Ke3 e4 45. Kd4 Kf4 46. a4 Kf5 47. Kd5 Kf4 48. Ke6 Kg4 49. Kf6 Kf4 50. Ke6
Kg4 1/2-1/2

[Event "36th Olympiad w"]
[Site "Calvia ESP"]
[Date "2004.10.19"]
[Round "5"]
[White "Foisor,C"]
[Black "Borsuk,A"]
[Result "0-1"]
[WhiteElo "2436"]
[BlackElo "2306"]
[EventDate "2004.10.15"]

1. Nf3 d6 2. d4 Nf6 3. g3 Bg4 4. Bg2 c6 5. c4 e6 6. Nc3 Nbd7 7. O-O Be7 8.
h3 Bxf3 9. Bxf3 d5 10. cxd5 exd5 11. Rb1 a5 12. Qc2 O-O 13. a3 Bd6 14. Bg2
Re8 15. e3 Qe7 16. Bd2 Nb6 17. Rbe1 Ne4 18. Nxe4 dxe4 19. f4 Nd5 20. Re2 f5
21. g4 Qd7 22. Kh1 Nf6 23. gxf5 Qxf5 24. Rg1 Qh5 25. Be1 Re7 26. Bg3 Rae8
27. Qd1 Nd5 28. Bf2 Re6 29. Rc2 Qf7 30. Qe1 Nxf4 31. exf4 Qxf4 32. Bg3 Qxg3
33. Qxg3 Bxg3 34. Bf1 Rg6 35. Bc4+ Kf8 36. Rcg2 Bh4 37. Rxg6 hxg6 38. Rxg6
Bf6 39. b3 Bxd4 40. Kg2 Bf6 41. Kf2 b5 42. Be2 Ke7 43. Ke3 Kd6 44. Rg1 Kc5
45. Rc1+ Kb6 46. Rc2 c5 47. Kf4 Bd4 48. h4 c4 49. bxc4 b4 50. axb4 axb4 51.
Bh5 Re7 52. Bg6 e3 53. Kf3 Kc5 54. Re2 Bf6 55. h5 b3 56. Rg2 Kd4 57. Ke2 b2
58. Rg4+ Kc3 59. c5 Bd4 60. c6 Rf7 61. Rg2 Bb6 62. Be4 Ra7 63. Rg3 Re7 64.
Bb1 Rf7 65. Rg2 Bd4 66. Be4 Kc4 67. Rh2 Kc5 68. Rg2 Re7 69. Bb1 Kxc6 70. h6
gxh6 71. Rg6+ Kc5 72. Rxh6 Kc4 73. Rh7 Re5 74. Rc7+ Bc5 75. Bd3+ Kc3 76.
Bb1 Rh5 77. Rh7 Rg5 78. Be4 Rg4 79. Bb1 Rg2+ 80. Kf3 Rf2+ 81. Kg3 Bd6+ 82.
Kg4 e2 83. Rh3+ Kd4 84. Rd3+ Kc4 0-1

[Event "36th Olympiad w"]
[Site "Calvia ESP"]
[Date "2004.10.19"]
[Round "5"]
[White "Igla,B"]
[Black "Peptan,C"]
[Result "0-1"]
[WhiteElo "2196"]
[BlackElo "2429"]
[EventDate "2004.10.15"]

1. d4 Nf6 2. c4 e6 3. Nc3 Bb4 4. Qc2 O-O 5. a3 Bxc3+ 6. Qxc3 b6 7. Bg5 Bb7
8. f3 d6 9. e3 Nbd7 10. Bd3 c5 11. Ne2 Rc8 12. dxc5 Rxc5 13. Bxf6 Nxf6 14.
O-O b5 15. Qb3 bxc4 16. Bxc4 Qc7 17. Bd3 Rb8 18. Rac1 Bxf3 19. Rxc5 dxc5
20. Qc2 Bxe2 21. Qxe2 Qe5 22. Rb1 Nd5 23. h3 c4 24. Bc2 Qxe3+ 25. Qxe3 Nxe3
26. Be4 f5 27. Kf2 Rb3 28. Re1 Nd5 29. Bxd5 Rxb2+ 0-1

[Event "36th Olympiad w"]
[Site "Calvia ESP"]
[Date "2004.10.19"]
[Round "5"]
[White "Motoc,A"]
[Black "Vasiliev,Olg"]
[Result "0-1"]
[WhiteElo "2359"]
[BlackElo "2167"]
[EventDate "2004.10.15"]

1. c4 e5 2. Nc3 Nf6 3. e3 Bb4 4. Nf3 Bxc3 5. dxc3 d6 6. c5 e4 7. Ng5 O-O 8.
cxd6 cxd6 9. h4 Nc6 10. b3 Bg4 11. Qd2 Qe7 12. Ba3 Rad8 13. f3 exf3 14.
gxf3 Bh5 15. O-O-O h6 16. Be2 Rfe8 17. e4 Qe5 18. Rdg1 Qa5 19. Bb2 d5 20.
Qf4 Bg6 21. Nxf7 Kxf7 22. h5 Bh7 23. Rh2 Qxa2 24. Rhg2 Rg8 25. Bd3 Qxb3 26.
e5 Bxd3 27. exf6 gxf6 28. Qc7+ Ke6 29. Re1+ Ne5 30. Rd2 Rc8 31. Qa5 Kf5 32.
f4 Kxf4 33. Rf2+ Kg3 34. Rd2 b6 35. Qa1 d4 36. Rxe5 fxe5 37. Rxd3+ Kf4 38.
Rd1 Qxd1+ 0-1

[Event "36th Olympiad w"]
[Site "Calvia ESP"]
[Date "2004.10.19"]
[Round "5"]
[White "Dembo,Y"]
[Black "Danielian,E"]
[Result "1/2-1/2"]
[WhiteElo "2396"]
[BlackElo "2437"]
[EventDate "2004.10.15"]

1. e4 c6 2. d4 d5 3. Nc3 dxe4 4. Nxe4 Nd7 5. Ng5 Ndf6 6. Bc4 e6 7. N1f3 Bd6
8. O-O h6 9. Nh3 Ne7 10. Qe2 Qc7 11. Re1 O-O 12. Ne5 c5 13. dxc5 Qxc5 14.
Bf4 Nc6 15. Nxc6 Bxf4 16. Ne7+ Qxe7 17. Nxf4 Qc7 18. g3 b6 19. Bd3 Bb7 20.
Nh5 Nxh5 21. Qxh5 Rfd8 22. Qe5 Rd6 23. Be4 Rad8 24. c3 Bxe4 25. Qxe4 Qc5
26. Re2 Rd5 27. Rae1 Qa5 28. a3 Qc5 29. Kg2 b5 30. a4 1/2-1/2

[Event "36th Olympiad w"]
[Site "Calvia ESP"]
[Date "2004.10.19"]
[Round "5"]
[White "Makropoulou,M"]
[Black "Andriasian,S"]
[Result "1/2-1/2"]
[WhiteElo "2270"]
[BlackElo "2206"]
[EventDate "2004.10.15"]

1. e4 e5 2. Nf3 Nc6 3. Bb5 a6 4. Bxc6 dxc6 5. O-O f6 6. d4 exd4 7. Qxd4
Qxd4 8. Nxd4 c5 9. Nb3 Bd6 10. Be3 b6 11. N1d2 Be6 12. f4 O-O-O 13. Nf3 Ne7
14. Rfe1 Nc6 15. c3 Rhe8 16. Nbd2 Bf7 17. b3 Bg6 18. f5 Bf7 19. Rad1 Ne5
20. Nxe5 Bxe5 21. Nb1 Rxd1 22. Rxd1 Bd6 23. Nd2 g6 24. Kf2 gxf5 25. exf5
Bh5 26. Rg1 Bg4 27. Nc4 Bf8 28. h3 Bxf5 29. Rd1 Rd8 30. Rxd8+ Kxd8 31. Bf4
Be6 32. Nd2 Bd6 33. Ke3 Bxf4+ 34. Kxf4 Ke7 35. g4 Bd5 36. h4 Ke6 37. Nf1
Bc6 38. Ne3 Be8 39. h5 b5 40. Nf5 Kf7 41. Nh6+ Ke6 42. Nf5 Kf7 43. Nh6+ Ke6
44. Nf5 1/2-1/2

[Event "36th Olympiad w"]
[Site "Calvia ESP"]
[Date "2004.10.19"]
[Round "5"]
[White "Topel,Z"]
[Black "Djingarova,E"]
[Result "0-1"]
[WhiteElo "2062"]
[BlackElo "2327"]
[EventDate "2004.10.15"]

1. d4 d5 2. c4 e6 3. Nf3 c6 4. Qc2 Nf6 5. cxd5 exd5 6. Nc3 Bd6 7. Bg5 O-O
8. e3 Re8 9. Bd3 h6 10. Bh4 Nbd7 11. O-O Be7 12. Bg3 Nf8 13. Rab1 Nh5 14.
Be5 Bd6 15. b4 Bg4 16. Bxd6 Qxd6 17. Ne5 Be6 18. Na4 Nf6 19. Nc5 Re7 20. b5
cxb5 21. Rxb5 Rc8 22. Qb1 b6 23. Nxe6 Nxe6 24. a4 Qa3 25. a5 bxa5 26. Rb3
Qd6 27. Qa2 Ng5 28. Qxa5 Nge4 29. f3 Ng5 30. Bf5 Ne6 31. Rfb1 g6 32. Bd3
Rec7 33. Qa1 Nd7 34. Nxd7 Qxd7 35. Ba6 Rd8 36. Rb7 Qd6 37. Bd3 Qc6 38. Qxa7
Rxb7 39. Qxb7 Qc3 40. Qb3 Qd2 41. Bf1 Rc8 42. Rd1 Qa5 43. e4 dxe4 44. fxe4
Qa7 45. Bc4 Nxd4 46. Bxf7+ Kh7 47. Qe3 Nf3+ 48. Kf2 Rc2+ 49. Kxf3 Qxf7+ 50.
Kg3 g5 51. e5 Rc3 52. Rd3 Qf4+ 53. Qxf4 gxf4+ 54. Kxf4 Rxd3 0-1

[Event "36th Olympiad w"]
[Site "Calvia ESP"]
[Date "2004.10.19"]
[Round "5"]
[White "Velcheva,M"]
[Black "Bayrak,A"]
[Result "1-0"]
[WhiteElo "2299"]
[BlackElo "1907"]
[EventDate "2004.10.15"]

1. e4 e6 2. d4 d5 3. Nc3 Bb4 4. e5 c5 5. a3 Bxc3+ 6. bxc3 Ne7 7. Qg4 Qc7 8.
Qxg7 Rg8 9. Qxh7 cxd4 10. Ne2 Nbc6 11. f4 Bd7 12. Qd3 dxc3 13. Nxc3 O-O-O
14. Rb1 Nf5 15. Rg1 Rg4 16. Be2 Nxe5 17. fxe5 Rd4 18. Nb5 Bxb5 19. Qxb5
Qc3+ 20. Kf2 Rd7 21. Qb3 Qc7 22. Rd1 Qxe5 23. Rxd4 Nxd4 24. Qe3 Qf5+ 25.
Qf4 Qxc2 26. Rb2 Qc3 27. Qe3 Nxe2 28. Rxe2 Qf6+ 29. Qf4 Qc3 30. Bb2 Qd3 31.
Rd2 Qb3 32. Qe5 b6 33. Qe3 Qxe3+ 34. Kxe3 a6 35. h4 f5 36. Rc2+ Kd8 37. Rc6
Rh7 38. g3 b5 39. Rxa6 1-0

[Event "36th Olympiad w"]
[Site "Calvia ESP"]
[Date "2004.10.19"]
[Round "5"]
[White "Sergeeva,M"]
[Black "Petrenko,S"]
[Result "1/2-1/2"]
[WhiteElo "2308"]
[BlackElo "2323"]
[EventDate "2004.10.15"]

1. e4 c5 2. Nf3 d6 3. d4 cxd4 4. Nxd4 Nf6 5. Nc3 a6 6. Be2 e6 7. O-O Be7 8.
a4 Nc6 9. Be3 O-O 10. f4 Qc7 11. Kh1 Bd7 1/2-1/2

[Event "36th Olympiad w"]
[Site "Calvia ESP"]
[Date "2004.10.19"]
[Round "5"]
[White "Susterman,A"]
[Black "Khasanova,F"]
[Result "1/2-1/2"]
[WhiteElo "2299"]
[BlackElo "2314"]
[EventDate "2004.10.15"]

1. e4 c5 2. Nf3 e6 3. d4 cxd4 4. Nxd4 Nf6 5. Bd3 Nc6 6. Nxc6 bxc6 7. O-O d6
8. c4 c5 9. Nc3 Be7 10. Bf4 Nd7 11. Bc2 Ne5 12. Ba4+ Bd7 13. Bxe5 dxe5 14.
Qxd7+ Qxd7 15. Rfd1 Qxa4 16. Nxa4 Rd8 17. Rxd8+ Kxd8 18. Rd1+ Kc7 19. Kf1
Kc6 20. Ke2 Bd8 21. Rd3 Ba5 22. Ke3 Rb8 23. a3 Rb7 1/2-1/2

[Event "36th Olympiad w"]
[Site "Calvia ESP"]
[Date "2004.10.19"]
[Round "5"]
[White "Ankudinova,E"]
[Black "Smokina,K"]
[Result "0-1"]
[WhiteElo "2243"]
[BlackElo "2267"]
[EventDate "2004.10.15"]

1. d4 Nf6 2. Nf3 d5 3. e3 c6 4. c4 a6 5. c5 Nbd7 6. Bd3 e5 7. Nxe5 Nxe5 8.
dxe5 Ng4 9. Be2 Nxe5 10. Qd4 Nd7 11. b4 a5 12. a3 Be7 13. Qb2 Bf6 14. Nc3
b6 15. O-O axb4 16. axb4 Rxa1 17. Qxa1 bxc5 18. bxc5 Nxc5 19. Qa7 Ne6 20.
Na4 Qd7 21. Qa5 O-O 22. Rd1 Bb7 23. e4 Nd4 24. Bf1 Qg4 25. Nc3 Nf3+ 26. Kh1
Bxc3 27. Qxc3 Nxh2 28. f3 Qh5 29. Kg1 Nxf1 30. Bb2 Qg6 31. Kxf1 f6 32. exd5
cxd5 33. Ra1 Rc8 34. Qd4 Rc2 35. g4 Qh6 36. Ra3 Qh3+ 0-1

[Event "36th Olympiad w"]
[Site "Calvia ESP"]
[Date "2004.10.19"]
[Round "5"]
[White "Vega Gutierrez,S"]
[Black "Paridar,S"]
[Result "1/2-1/2"]
[WhiteElo "2225"]
[BlackElo "2242"]
[EventDate "2004.10.15"]

1. e4 c5 2. Nf3 Nc6 3. d4 cxd4 4. Nxd4 Qc7 5. Nc3 e6 6. Be3 a6 7. f4 b5 8.
Qf3 Bb7 9. Bd3 Nf6 10. g4 h5 11. g5 Ng4 12. Bg1 Nxd4 13. Bxd4 e5 14. fxe5
Nxe5 15. Qf5 Nxd3+ 16. cxd3 Qd6 17. Ne2 Qe6 18. O-O Be7 19. Rac1 O-O 20.
Qxe6 fxe6 21. h4 Rxf1+ 22. Rxf1 d6 23. Rc1 Rc8 24. Rxc8+ Bxc8 25. e5 Kf7
26. Nf4 g6 27. Kf2 Bb7 28. Ke3 dxe5 29. Bxe5 Bc5+ 30. d4 Bf8 31. Nd3 a5 32.
Bc7 a4 33. a3 Bd5 34. Kf4 Bg7 35. Bb6 Bc4 36. Nf2 Ke7 37. Bc5+ Kf7 38. Ne4
Bd3 39. Nd6+ Kg8 40. Ke3 Bf1 41. Nb7 Bc4 42. Nd6 Bf1 43. Ne8 Bh8 44. Kf4
Kf7 45. Nd6+ Kg8 46. Ne8 Kf7 47. Nd6+ 1/2-1/2

[Event "36th Olympiad w"]
[Site "Calvia ESP"]
[Date "2004.10.19"]
[Round "5"]
[White "Navabi,S"]
[Black "Trujillo Delgado,D"]
[Result "0-1"]
[WhiteElo "2107"]
[BlackElo "2155"]
[EventDate "2004.10.15"]

1. c4 g6 2. Nc3 Bg7 3. g3 c5 4. Bg2 Nc6 5. d3 d6 6. e3 e5 7. Nge2 Nge7 8.
O-O O-O 9. a3 Be6 10. Nd5 Qd7 11. Nec3 Bh3 12. Rb1 Bxg2 13. Kxg2 Nxd5 14.
Nxd5 Rab8 15. Qa4 Qf5 16. e4 Qe6 17. b4 f5 18. bxc5 f4 19. f3 fxg3 20. hxg3
dxc5 21. Be3 Qd6 22. Rb5 b6 23. Rb2 Rf7 24. Qd1 Rbf8 25. Rbf2 h6 26. Rh1 g5
27. g4 Ne7 28. Nc3 Ng6 29. Nd5 Nh4+ 30. Rxh4 gxh4 31. Qh1 Qd8 32. Bd2 Kh7
33. Qf1 Qd7 34. Ne3 Rd8 35. Nd5 Bf6 36. Qc1 Bg7 37. Qh1 Bf6 38. Qc1 h5 39.
g5 Rg8 40. Kh2 Bd8 41. Qf1 Bxg5 42. f4 exf4 43. Nxf4 Qg4 44. Kh1 Bxf4 45.
Rxf4 Rxf4 0-1

[Event "36th Olympiad w"]
[Site "Calvia ESP"]
[Date "2004.10.19"]
[Round "5"]
[White "Gutierrez Castillo,P"]
[Black "Salman,Ma"]
[Result "1/2-1/2"]
[WhiteElo "2119"]
[BlackElo "2166"]
[EventDate "2004.10.15"]

1. e4 c5 2. Nf3 d6 3. d4 cxd4 4. Nxd4 Nf6 5. Nc3 a6 6. Be2 e5 7. Nb3 Be7 8.
Bg5 Be6 9. Bxf6 Bxf6 10. Qd3 Qc7 11. O-O-O Be7 12. Nd5 Bxd5 13. Qxd5 Nd7
14. Kb1 Rc8 15. c3 b5 16. Qd3 Nb6 17. f4 exf4 18. Nd4 Nc4 19. Nf5 O-O 20.
Qf3 Ne3 21. Nxe3 fxe3 22. Qxe3 Bf6 23. h4 b4 24. c4 Qe7 25. Rd5 Rfe8 26.
Bd3 Rc5 27. Qg3 Rxd5 28. exd5 a5 29. Bc2 Qe2 30. Qxd6 Rd8 31. Qf4 Re8 32.
Rd1 a4 33. Rd2 Qe1+ 34. Rd1 Qe2 35. Rd2 Qe1+ 36. Rd1 1/2-1/2